Composición musical: teoría de las formas musicales
Bewaard in:
| Hoofdauteur: | |
|---|---|
| Formaat: | Boek |
| Taal: | Spaans |
| Gepubliceerd in: |
Barcelona
Labor
1943
|
| Editie: | 2a. ed |
| Reeks: | Colección Labor. Sección V, Música, 211-212
|
| Onderwerpen: | |
| Tags: |
Voeg label toe
Geen labels, Wees de eerste die dit record labelt!
|
MARC
| LEADER | 00000nam a2200000 a 4500 | ||
|---|---|---|---|
| 001 | UCN2672 | ||
| 003 | CL-VaPUC | ||
| 005 | 20231103152831.0 | ||
| 008 | 010531e19430000SP |||||||||||||||||spa|d | ||
| 999 | |c 295728 |d 295726 | ||
| 040 | |c Pontificia Universidad Católica de Valparaíso | ||
| 082 | 0 | 4 | |a 781.3 RIE 1943 |2 21 |
| 100 | 0 | |a Riemann, Hugo |e author |9 458785 | |
| 245 | 1 | 0 | |a Composición musical: teoría de las formas musicales |
| 250 | |a 2a. ed | ||
| 260 | |a Barcelona |b Labor |c 1943 | ||
| 300 | |a 526 p | ||
| 490 | 0 | |a Colección Labor. Sección V, Música, 211-212 | |
| 583 | |a last modification |c 20010531 00:00:00 |k Rodrigo Vera | ||
| 650 | 0 | |a Composición musical |9 306660 | |
| 650 | 0 | |a Formas musicales |9 306416 | |
| 650 | 0 | |a Elementos musicales |9 306544 | |
| 650 | 0 | |a Teoría musical |9 265760 | |
| 942 | |c BK |2 ddc | ||
| 945 | |d 20010531 00:00:00 |a crobeson | ||
| 952 | |0 0 |1 0 |2 ddc |4 0 |6 781_300000000000000_RIE_1943 |7 0 |8 A |9 349049 |a BIBEDU |b BIBEDU |d 2019-11-20 |i 118508K |o 781.3 RIE 1943 |p 118508K |r 2023-01-12 |w 2019-11-20 |y BK |k MUS | ||